Detalles MARC
| 000 -CABECERA |
| Longitud fija campo de control |
02269nam a22004217a 4500 |
| 003 - • IDENTIFICADOR DELl NÚMERO DE CONTROL |
| Identificador del número de control |
CO-BoRNBP |
| 005 - • FECHA Y HORA DE LA ÚLTIMA TRANSACCIÓN |
| Fecha y hora de la última transacción |
20260225125541.0 |
| 007 - • CAMPO FIJO DE DESCRIPCIÓN FÍSICA |
| Campo fijo de descripción física |
ta |
| 008 - • CÓDIGOS DE INFORMACIÓN DE LONGITUD FIJA |
| Códigos de información de longitud fija |
250630s2024 ck a bo 000 j spa d |
| 020 ## - • NÚMERO INTERNACIONAL NORMALIZADO PARA LIBROS |
| Número Internacional Normalizado para Libros (ISBN) |
9789587535884 |
| 040 ## - FUENTE DE LA CATALOGACIÓN |
| Centro catalogador de origen |
CO-BoOSI |
| Lengua de catalogación |
spa |
| Centro transcriptor |
CO-BoOSI |
| Normas de descripción |
rda |
| 041 0# - • CÓDIGO DE LENGUA |
| Código de lengua del texto/banda sonora o título independiente |
spa |
| 082 04 - • NÚMERO DE LA CLASIFICACIÓN DECIMAL DEWEY |
| Número de edición |
863.01 |
| Número de clasificación (R) |
R666e |
| Número del ítem |
23 |
| 088 ## - NÚMERO DE INFORME |
| Número de informe |
MM2963 |
| 245 00 - • TITULO PROPIAMENTE DICHO |
| Título |
Ensueños y otras fantasías / |
| Mención de responsabilidad, etc. |
selección Beatriz Helena Robledo ; ilustraciones Santiago Guevara. |
| 250 ## - • MENCIÓN DE EDICIÓN |
| Mención de edición |
Primera edición. |
| 264 #1 - PRODUCCIÓN, PUBLICACIÓN , DISTRIBUCIÓN, FABRICACIÓN Y COPYRIGHT |
| Lugar de producción, publicación, distribución, fabricación |
Bogotá, Colombia : |
| Nombre del productor, editor, distribuidor, fabricante |
Ministerio de las Culturas, las Artes y los Saberes, |
| Fecha de de producción, publicación, distribución, fabricación o copyright |
2024. |
| 300 ## - • DESCRIPCIÓN FÍSICA |
| Extensión |
1 libro digital (52 páginas) : |
| Otras características físicas |
ilustraciones a color. |
| 336 ## - TIPO DE CONTENIDO |
| Fuente |
texto |
| Término de tipo de contenido |
txt |
| Código de tipo de contenido |
rdacontent |
| 337 ## - TIPO DE MEDIO |
| Fuente |
computador |
| Nombre del tipo de medio |
c |
| Código del tipo de medio |
rdamedia |
| 338 ## - TIPO DE SOPORTE |
| Fuente |
recurso en línea |
| Nombre del tipo de soporte |
cr |
| Código del tipo de soporte |
rdacarrier |
| 347 ## - CARACTERÍSTICAS DEL ARCHIVO DIGITAL |
| Tipo de archivo |
Archivo de texto |
| Formato de codificación |
EPUB |
| 490 0# - • MENCIÓN DE SERIE |
| Mención de serie |
Narrativa |
| 490 0# - • MENCIÓN DE SERIE |
| Mención de serie |
Lectores intermedios |
| 490 0# - • MENCIÓN DE SERIE |
| Mención de serie |
Leer es mi cuento ; |
| Designación de volumen o secuencia |
62 |
| 500 ## - • NOTA GENERAL |
| Nota general |
Registro de la Biblioteca Digital en español MakeMake. |
| 520 3# - • NOTA DE RESUMEN |
| Resumen, etc, |
A careful selection of Colombian authors from different periods who have thought about young readers. Fun stories to enjoy and share with the family. Readers will have fun with the demands of a girl who wants to have the sea in her room, with a skeleton who dreams of a cup of chocolate, a boy in love with a Swedish girl, a city built on the back of a sleeping dragon. They are all characters in these stories created for the delight of young readers and the enjoyment of their families. In these stories, animals, flowers and humans have a place in the world and those who welcome them in a natural and loving way are children. Readers will find the countryside and nature expressed at its best. |
| 521 ## - • NOTA DE PÚBLICO DESTINATARIO |
| Nota público destinatario (R ) |
Recomendado para niños a partir de los 7 años de edad. |
| 650 17 - • PUNTO DE ACCESO ADICIONAL DE MATERIA - TÉRMINO DE MATERIA |
| Término de materia o nombre geográfico como elemento inicial |
Friendship |
| Subdivisión de forma |
Tales |
| Fuente del encabezamiento o término |
ARMARC |
| 650 17 - • PUNTO DE ACCESO ADICIONAL DE MATERIA - TÉRMINO DE MATERIA |
| Término de materia o nombre geográfico como elemento inicial |
Adventures |
| Subdivisión geográfica |
Colombia |
| Subdivisión de forma |
Tales |
| Fuente del encabezamiento o término |
ARMARC |
| 650 17 - • PUNTO DE ACCESO ADICIONAL DE MATERIA - TÉRMINO DE MATERIA |
| Término de materia o nombre geográfico como elemento inicial |
Fantasy |
| Subdivisión de forma |
Tales |
| Fuente del encabezamiento o término |
ARMARC |
| 700 1# - • PUNTO DE ACCESO ADICIONAL - NOMBRE DE PERSONA |
| Nombre de persona |
Robledo, Beatriz Helena, |
| Término indicativo de función |
selección. |
| 700 1# - • PUNTO DE ACCESO ADICIONAL - NOMBRE DE PERSONA |
| Nombre de persona |
Guevara, Santiago, |
| Término indicativo de función |
ilustrador. |
| 856 40 - • LOCALIZACIÓN Y ACCESO ELECTRÓNICO |
| Especificación de materiales |
Mákina Editorial |
| Identificador Uniforme del Recurso (URI) |
<a href="https://makemake.com.co/fichas/MM2963/ensuenos-y-otras-fantasias">https://makemake.com.co/fichas/MM2963/ensuenos-y-otras-fantasias</a> |
| 856 40 - • LOCALIZACIÓN Y ACCESO ELECTRÓNICO |
| Especificación de materiales |
Portada |
| Identificador Uniforme del Recurso (URI) |
<a href="https://makemake.com.co/fichas/MM2963/art/portadaThumb.jpg">https://makemake.com.co/fichas/MM2963/art/portadaThumb.jpg</a> |
| 942 ## - ENTRADA DE ELEMENTOS AGREGADOS (KOHA) |
| Fuente de clasificaión o esquema |
Dewey Decimal Classification |
| Koha [por defecto] tipo de item |
LIbro |